| 000 | 00617cam a22001935a 4500 | ||
|---|---|---|---|
| 001 | L156176 | ||
| 008 | 120502s1823 xxk f 000 0 eng d | ||
| 035 | _a(Sirsi) u156176 | ||
| 041 | 0 | _aeng | |
| 100 | 1 |
_aSkelton, Joseph _dfl. 1820-1850 |
|
| 245 | 0 | 0 | _aSkelton's engraved illustrations of the principal antiquities of Oxfordshire |
| 260 |
_aOxford _bJ. Skelton _c1823 |
||
| 300 |
_a1 v., various pagings _billus. plates _c36 cm. |
||
| 583 | 0 |
_aCondition reviewed _c20120620 _lcondition level 2 |
|
| 651 | 4 |
_aEngland _y886- |
|
| 690 |
_aRural _96268 |
||
| 700 | 1 |
_aMackenzie, Frederick _d1787 or 8-1854 |
|
| 942 | _n0 | ||
| 999 |
_c114079 _d114079 |
||